| 000 | 00400nam a22001457a 4500 | ||
|---|---|---|---|
| 082 | _aP655 | ||
| 100 |
_aCapt Ahmed Khan _950978 |
||
| 245 | _aCellular light weight concrete | ||
| 260 |
_aRisalpur, _bMCE, _c2016. |
||
| 300 |
_a61p. _bill. _c26cm |
||
| 526 |
_a0 _b0 _c0 _dP_655_000000000000000 |
||
| 526 |
_a0 _b0 _c0 _dP_655_000000000000000 |
||
| 700 | _aLt Col Dr Maqbool Sadiq Awan | ||
| 942 |
_2ddc _cBK |
||
| 999 |
_c553718 _d553718 |
||